000 00731nam a2200277Ia 4500
003 OSt
005 20221006144406.0
006 a|||||r|||| 00| 0
007 ta
008 221006b |||||||| |||| 00| 0 eng d
020 _a8120609018
_c295.00
020 _a9788120609013
024 _a11,584
037 _cTextual
040 _aEASL
_cEASL
_beng
041 _2eng
_aeng
082 _aU8.498.M, N4
100 _aBOWER Hamilton
_9651860
245 0 _aDiary of a journey across Tibet
260 _aNew Delhi
_bAsian Educational Services India
_c1994
300 _a309p.
_ccm.
490 _v Gen
650 _aGen
942 _hU8.498.M, N4
_cTEXL
_2CC
999 _c1079670
_d1079670